Applied sociology : (Record no. 9737)

MARC details
000 -LEADER
fixed length control field 00636nam a22001937a 4500
003 - CONTROL NUMBER IDENTIFIER
control field OSt
005 - DATE AND TIME OF LATEST TRANSACTION
control field 20260422084434.0
008 - FIXED-LENGTH DATA ELEMENTS--GENERAL INFORMATION
fixed length control field 260422b |||||||| |||| 00| 0 eng d
020 ## - INTERNATIONAL STANDARD BOOK NUMBER
International Standard Book Number 978-971-821-077-2
040 ## - CATALOGING SOURCE
Original cataloging agency DWCL Main Lib.
Transcribing agency OC
082 ## - DEWEY DECIMAL CLASSIFICATION NUMBER
Classification number 301 Ap648 2006
100 ## - MAIN ENTRY--PERSONAL NAME
Personal name Cabalu, Danilo Hipolito et. al.
245 ## - TITLE STATEMENT
Title Applied sociology :
Remainder of title a modular approach (Textbook in General Sociology)/
Statement of responsibility, etc. Danilo Hipolito Cabalu, et. al.
260 ## - PUBLICATION, DISTRIBUTION, ETC.
Place of publication, distribution, etc. Valenzuela City :
Name of publisher, distributor, etc. Mutya Publishng House,
Date of publication, distribution, etc. c2006
300 ## - PHYSICAL DESCRIPTION
Extent 240 p. ;
Dimensions 25 cm.
650 ## - SUBJECT ADDED ENTRY--TOPICAL TERM
Topical term or geographic name entry element 1. Anthropology.
650 ## - SUBJECT ADDED ENTRY--TOPICAL TERM
Topical term or geographic name entry element 2. Sociology.
942 ## - ADDED ENTRY ELEMENTS (KOHA)
Source of classification or shelving scheme Dewey Decimal Classification
Koha item type Book-Filipiniana
Classification part Fil.
Suppress in OPAC No
952 ## - LOCATION AND ITEM INFORMATION (KOHA)
--
952 ## - LOCATION AND ITEM INFORMATION (KOHA)
--
Holdings
Withdrawn status Lost status Source of classification or shelving scheme Damaged status Not for loan Home library Current library Shelving location Date acquired Source of acquisition Total Checkouts Full call number Barcode Date last seen Copy number Price effective from Koha item type Uniform Resource Identifier
    Dewey Decimal Classification     College Library College Library Filipiniana 10/13/2006 School Fund   Fil. 301 Ap648 2006 CL44062 04/22/2026 c1 04/22/2026 BK - FIL
    Dewey Decimal Classification     College Library College Library Filipiniana 10/13/2006 School Fund   Fil. 301 Ap648 2006 CL44066 04/22/2026 c2 04/22/2026 BK - FIL